Statistics for Jack O'Connell Filmography

Click here to take the quiz!

General Stats

  • This quiz has been taken 7 times
    (2 since last reset)
  • The average score is 5 of 46

Answer Stats

TypeYearName% Correct
TV Show2009-2010, 2013Skins
100%
Film2014'71
50%
FilmTBABack to Black
50%
Theater2017Cat on a Hot Tin Roof
50%
Film2023Ferrari
50%
Film2016Money Monster
50%
Film2013Starred Up
50%
Film2006This Is England
50%
Film2014300: Rise of an Empire
0%
Short Film20149 Kisses
0%
Short Film2006Black Dog
0%
TV Film2010Dive
0%
TV Show2005Doctors
0%
Film2008Eden Lake
0%
Web Mini-Series2017Godless
0%
Film2009Harry Brown
0%
TV Show2007Holby City
0%
Short Film2016Home
0%
Film2019Jungleland
0%
Film2022Lady Chatterley's Lover
0%
Film2020Little Fish
0%
Film2012Private Peaceful
0%
Short Film2017Robot & Scarecrow
0%
TV Show2022-PresentRogue Heroes
0%
Theater2010Salvation
0%
Theater2008Scarborough
0%
Film2019Seberg
0%
Short Film2014Shelter
0%
Documentary Mini-Series2023Soldier
0%
TV Show2005The Bill
0%
Short Film2010The Hardest Part
0%
Film2013The Liability
0%
Film2017The Man with the Iron Heart
0%
TV Mini-Series2021The North Water
0%
TV Mini-Series2011The Runaway
0%
Film2011The Somnambulists
0%
Film2012Tower Block
0%
Film2018Trial by Fire
0%
Film2017Tulip Fever
0%
Film2014Unbroken
0%
TV Film2011United
0%
TV Show2007Waterloo Road
0%
Short Film2009Wayfaring Stranger
0%
Film2011Weekender
0%
TV Show2007Wire in the Blood
0%
TV Mini-Series2009Wuthering Heights
0%

Score Distribution

Percentile by Number Answered

Percent of People with Each Score

Your Score History

You have not taken this quiz since the last reset